|
|
|
|
| LEADER |
00000nam a22000007a 4500 |
| 005 |
20200306002540.0 |
| 007 |
cr|||| |||| |
| 008 |
200306s2015 co |||||s|||| 00||0 spa d |
| 020 |
|
|
|a 978-958-9348-64-2
|
| 035 |
|
|
|a 31158
|
| 040 |
|
|
|a vLex
|
| 090 |
|
|
|c 10194
|d 10194
|
| 100 |
1 |
|
|a Bustillo, Juan Manuel
|
| 245 |
1 |
0 |
|a II Informe de seguimiento a la aplicacin̤ en Colombia de las recomendaciones del Relator Especial
|h [Recurso electrn̤ico] /
|c Juan Manuel Bustillo
|
| 256 |
|
|
|a Servicio en ln̕ea
|
| 260 |
|
|
|a Bogot:̀
|b Comisin̤ Colombiana de Juristas,
|c 2015
|
| 300 |
|
|
|a 1 recurso electrn̤ico
|
| 500 |
|
|
|a II Informe de seguimiento a la aplicacin̤ en Colombia de las recomendaciones del Relator Especial sobre la situacin̤ de los derechos humanos y libertades fundamentales de los pueblos indg̕enas 2010 - 2013
|
| 506 |
1 |
|
|a Disponible solo en los productos indicados
|d vLex Global
|d vLex Global (Academic Edition, excluding Law Schools)
|d vLex Global (U.S. Academic Edition, Law Schools)
|d vLex Global (U.S. Academic Edition, excluding Law Schools)
|d vLex Global (Academic Edition, Law Schools)
|
| 650 |
0 |
4 |
|a Derecho Internacional
|z Colombia
|
| 740 |
0 |
|
|a vLex Libros (Servicio en ln̕ea)
|
| 856 |
4 |
0 |
|u http://vlex.com/source/ii-informe-seguimiento-aplicacion-colombia-recomendaciones-relator-especial-situacion-derechos-humanos-libertades-fundamentales-pueblos-indigenas-2010-2013-31158
|z Acceso restringido
|
| 942 |
|
|
|c BOOK
|
| 999 |
0 |
|
|a International right
|